000
00309nam a22001337a 4500
008
190223b xxu||||| |||| 00| 0 eng d
020
_a
9780205325276
041
_a
eng
080
_a
371
100
_a
25
101
_a
EDU
245
_a
Grammar for Language Arts Teachers
_c
Calderonello, A
942
_2
udc
_c
BK
999
_c
54156
_d
54156